Normal view
MARC view
- Pedroli L., Granados J., Gentili P., Forte B., Sodi M., Rocchetta C., Oreglia D. e N.,
Entry Personal Name
001 - CONTROL NUMBER
- control field: 60439
003 - CONTROL NUMBER IDENTIFIER
- control field:
005 - DATE AND TIME OF LATEST TRANSACTION
- control field: 20240116102851.0
008 - FIXED-LENGTH DATA ELEMENTS
- fixed length control field: 240116|| aca||aabn | a|a d
040 ## - CATALOGING SOURCE
- Original cataloging agency:
- Transcribing agency:
100 ## - HEADING--PERSONAL NAME
- Personal name: Pedroli L., Granados J., Gentili P., Forte B., Sodi M., Rocchetta C., Oreglia D. e N.,
- Personal name: Kwitkowski P., Pilloni F., Frigo L. e E., Zattoni M., Gillini G., Bonetti R
670 ## - SOURCE DATA FOUND
- Source citation: Work cat.: ()217143: Bonetti Renzo, Pilloni Francesco (a cura di) 60438, La Grazia del sacramento delle nozze., 2012